| 000 | 01019nam a2200289 a 4500 | ||
|---|---|---|---|
| 999 |
_c8240 _d8240 |
||
| 001 | 4369313 | ||
| 003 | ARRUPE | ||
| 005 | 20170802100416.0 | ||
| 008 | 900710s1990 vau b 000 0 eng d | ||
| 010 | _a 90173583 | ||
| 020 | _a0931888360 | ||
| 040 |
_aNIC _cDLC _dDLC |
||
| 041 | 1 |
_aeng _hfre |
|
| 042 | _alccopycat | ||
| 050 | 0 | 4 |
_aB835 _b.G5513 1990 |
| 100 | 1 |
_aGilson, Etienne, _d1884-1978. _929333 |
|
| 240 | 1 | 0 |
_aRéalisme méthodique. _lEnglish |
| 245 | 1 | 0 |
_aMethodical realism / _cEtienne Gilson ; translated by Philip Trower ; with an introduction by Stanley L. Jaki. |
| 260 |
_aFront Royal, VA : _bChristendom Press, _cc1990. |
||
| 300 |
_a145 p. ; _c19 cm. |
||
| 500 | _aTranslation of: Le réalisme méthodique. | ||
| 504 | _aIncludes bibliographical references. | ||
| 650 | 0 |
_aRealism. _911315 |
|
| 906 |
_a7 _bcbc _ccopycat _d3 _encip _f19 _gy-gencatlg |
||
| 942 |
_2lcc _cMONOGRAPH |
||